Inside the Adobe Photoshop6 Studio/ (Record no. 63085)

MARC details
000 -LEADER
fixed length control field 00688nam a22001577a 4500
005 - DATE AND TIME OF LATEST TRANSACTION
control field 2012021600430.0
020 ## - INTERNATIONAL STANDARD BOOK NUMBER
International Standard Book Number 8120319001
Terms of availability 495.00
035 ## - SYSTEM CONTROL NUMBER
System control number B-61313
037 ## - SOURCE OF ACQUISITION
Stock number DPL
Source of stock number/acquisition ENG
100 ## - MAIN ENTRY--PERSONAL NAME
Personal name Mullin,E
245 ## - TITLE STATEMENT
Title Inside the Adobe Photoshop6 Studio/
Statement of responsibility, etc by Eileen Mullin
260 ## - PUBLICATION, DISTRIBUTION, ETC. (IMPRINT)
Place of publication, distribution, etc New Delhi
Name of publisher, distributor, etc Prentice Hall of India
Date of publication, distribution, etc 2000
300 ## - PHYSICAL DESCRIPTION
Extent xxxi,608p.
Dimensions 23 cms.
942 ## - ADDED ENTRY ELEMENTS (KOHA)
Source of classification or shelving scheme Dewey Decimal Classification
Item type English Books
Classification part 005.369
Call number suffix MUL
Holdings
Withdrawn status Lost status Not for loan Collection code Home library Current library Date acquired Full call number Barcode Koha item type
      Non-fiction Sarojini Nagar Sarojini Nagar 17/02/2012 005.369 MUL B-061313 English Books

© Delhi Public Library
Hit Counter
free hit counter